Setas de Colombia : (Registro nro. 2376)

Detalles MARC
000 -CABECERA
Campo de control 00977cam a2200241 i 4500
005 - FECHA Y HORA DE LA ULTIMA TRANSACCION
Campo de control 20160220103101.0
008 - ELEMENTOS DE LONGITUD FIJA—INFORMACION GENERAL
Campo de control 011203s2000 ck ab b 000 0 spa d
020 ## - ISBN
ISBN Cancelado/ Invalidado 9586554572
040 ## - FUENTE DE CATALOGACIÓN
Agencia catalogadora original AGL
Agencia transcriptora AGL
Agencia Modificadora DLC
-- CO-BoIAVH
041 ## - IDIOMA
Código de idioma para texto/pista de sonido o título separado Español
082 04 - NUMERO DE CLASIFICACION DECIMAL DEWEY
Número de clasificación 579.509861
Número del ítem F82s
100 1# - ASIENTO PRINCIPAL--NOMBRE PERSONAL
Nombre personal Franco-Molano, Ana Esperanza
9 (RLIN) 15623
245 10 - MENCION DE TITULO
Título Setas de Colombia :
Parte restante del título agaricales, boletales et otros hongos : guía de campo /
Mención de responsabilidad Ana Esperanza Franco-Molano, Ruth Aldana-Gómez, Roy E. Halling.
260 ## - PUBLICACION, DISTRIBUCION, ETC. (PIE DE IMPRENTA)
Lugar de publicación, distribución, etc. [Medellín, Colombia] :
Nombre del editor, distribuidor, etc. Universidad de Antioquia :
-- COLCIENCIAS,
Fecha de publicación, distribución, etc. 2000.
300 ## - DESCRIPCION FISICA
Extensión 156 páginas :
Otros detalles físicos ilustraciones y mapas ;
Dimensiones 19 cm.
504 ## - NOTA DE BIBLIOGRAFIA, ETC.
Nota de bibliografía Incluye referencias bibliográficas.
650 14 - ASIENTO SECUNDARIO DE MATERIA - TERMINO TEMATICO
Término temático o nombre geográfico como elemento de entrada Homgos comestibles
Subdivisión geográfica Colombia
Subdivisión de forma Clasificación
9 (RLIN) 61610
650 14 - ASIENTO SECUNDARIO DE MATERIA - TERMINO TEMATICO
Término temático o nombre geográfico como elemento de entrada Champiñones
Subdivisión geográfica Colombia
Subdivisión de forma Clasificación
9 (RLIN) 61611
650 24 - ASIENTO SECUNDARIO DE MATERIA - TERMINO TEMATICO
Término temático o nombre geográfico como elemento de entrada Champiñones
Subdivisión geográfica Colombia
Subdivisión de forma Identificación
9 (RLIN) 61612
700 1# - ASIENTO SECUNDARIO - NOMBRE PERSONAL
Nombre personal Aldana-Gómez, Ruth.
9 (RLIN) 15630
700 1# - ASIENTO SECUNDARIO - NOMBRE PERSONAL
Nombre personal Halling, Roy E.
9 (RLIN) 15259
942 ## - ELEMENTOS ADICIONALES (KOHA)
Sistema de clasificación Dewey Decimal Classification
Tipo de ítem Libro
Existencias
Withdrawn status Lost status Sistema de Clasificación Damaged status No para préstamo Colección Inventariado Ubicación Permanente Ubicación actual Fecha de adquisición Fuente de Valor Valor Total Checkouts Número topográfico Inventario / Código de Barras Date last seen Ejemplar Price effective from Forma de adquisición Tipo de material
    Dewey Decimal Classification     General Inventariado 2017 Bogotá Bogotá 27/06/2001 Instituto 39000.00   LB-579.509861 F82s 003669 04/12/2012 Ej. 1 04/12/2012   Libro